Motivation and obstacles on adult participation in lifelong learning : a statistical approach

Αποθηκεύτηκε σε:
Λεπτομέρειες βιβλιογραφικής εγγραφής
Κύριος συγγραφέας: Μουστάκας, Λουκάς
Άλλοι συγγραφείς: Φώκιαλη, Περσεφόνη
Μορφή: Βιβλίο
Γλώσσα:English
Δημοσίευση: Mauritius : Lap Lambert Academic Publishing, 2019.
Θέματα:
Ετικέτες: Προσθήκη ετικέτας
Δεν υπάρχουν, Καταχωρήστε ετικέτα πρώτοι!

MARC

LEADER 00000cam a2200000 a 4500
001 1/119862
008 190904s2019####mu | ||| |||| ||eng||
020 |a 9786200252371  
040 |a GR-MyUa  |b gre  |c GR-MyUa  |e AACR2 
041 0 |a eng 
082 7 |a 374   |2 (23) 
100 1 |a Μουστάκας, Λουκάς. 
245 1 0 |a Motivation and obstacles on adult participation in lifelong learning :   |b a statistical approach /   |c Loukas Moustakas, Persefoni Fokiali.  
260 |a Mauritius :   |b Lap Lambert Academic Publishing,   |c 2019.  
300 |a 92 σ. :   |b πίν. ;   |c 22 εκ.  
504 |a Βιβλιογραφία : σ. 83-92.  
650 0 |a Adult education  |z Greece. 
650 0 |a Adult education  |x Research  |x Methodology. 
650 0 |a Motivation in adult education. 
700 1 |a Φώκιαλη, Περσεφόνη. 
852 |a INST  |b RHODES  |e 20190904  |h 374 MOU  |p 005400041085  |q 005400041085  |t BK  |y 0 
920 |a Μουστάκας  |b Λουκάς  |y Ρόδος  |z 2019-08 
970 |a Μαρία  |b Κωτάκου  |z 04-09-2019